Sexion d'Assaut : Les sons les plus streamés sur Spotify - Statistiques

Statistiques générales
  • Ce quiz a été pris 213 fois
  • Le résultat moyen est 11 sur 30
Statistiques - réponses
Hint Réponse % Correct
1 102,592,897 Désolé
93%
2 87,314,917 Wati By Night
93%
4 45,205,201 Avant Qu'elle Parte
84%
3 62,671,200 Ma direction
83%
5 34,365,704 Wati House
70%
12 10,215,504 Casquette à L'Envers
62%
14 8,909,157 Disque d'Or
57%
7 18,507,836 Problèmes d'Adultes
55%
6 23,112,200 Balader
52%
11 10,760,192 Africain
43%
9 11,545,626 Paris Va Bien
42%
8 13,450,900 J'Reste Debout
41%
10 10,822,322 Qui t'a dit
35%
17 5,248,551 Cérémonie
33%
16 7,085,604 J'ai Pas Les Loves
29%
18 4,722,265 Melrose Place
27%
24 3,379,249 Wati Bon Son
25%
20 4,182,360 Assez
23%
19 4,289,235 Paname Allons Danser
21%
15 7,287,845 A Bout d'Souffle
20%
25 3,378,662 L'Ecole Des Points Vitaux
20%
22 3,545,619 Changement d'Ambiance
19%
13 9,316,230 Ils Appellent Ca
17%
21 3,945,960 Mets Pas Celle Là
17%
29 3,028,135 L'Endurance
16%
27 3,236,035 Rien De Méchant
16%
30 3,000,009 Plus Qu'Un Son
14%
23 3,536,606 T'es Bete Ou Quoi ?
14%
28 3,082,139 A Cœur Ouvert
11%
26 3,315,227 J'suis Pas Dans L'Game
8%
Aucun quiz correspondant
Distribution des résultats
% des personnes avec chaque résultat
Percentile par nombre de réponses
Votre historique - résultats
Vous n’avez pas pris ce quiz